Statistics for Another Brick In The Wall, Pt. 1 - Pink Floyd - All Lyrics

Click here to take the quiz!

General Stats

  • This quiz has been taken 11 times
  • The average score is 43 of 52

Answer Stats

Answer% Correct
a
100%
a
100%
A
100%
all,
100%
All
100%
All
100%
all,
100%
all
100%
brick
100%
in
100%
in
100%
in
100%
in
100%
in
100%
just
100%
just
100%
just
100%
the
100%
the
100%
the
100%
the
100%
wall
100%
wall
100%
it
91%
it
91%
bricks
82%
for
82%
for
82%
me?
82%
me?
82%
was
82%
was
82%
ya
82%
you
82%
what
73%
what'd
73%
across
64%
album
64%
behind
64%
Daddy,
64%
Daddy,
64%
family
64%
flown
64%
leave
64%
leave
64%
Leaving
64%
memory
64%
ocean
64%
Daddy's
55%
did
55%
else
55%
snapshot
55%

Score Distribution

Percentile by Number Answered

Percent of People with Each Score

Your Score History

You have not taken this quiz